№ 12; Электросвязь

Bibliografiset tiedot
Parent link:Электросвязь: научно-технический журнал/ Международная академия связи ; Всесоюзное научно-техническое общество радиотехники и электросвязи им. А. С. Попова (ВНОРиЭ). № 12.— , 1958-.— 0013-5771
Kieli:venäjä
Julkaistu: 2011
Aineistotyyppi: Kirja
KOHA link:https://koha.lib.tpu.ru/cgi-bin/koha/opac-detail.pl?biblionumber=464688

MARC

LEADER 00000nam2a2200000 4500
001 464688
005 20231101090208.0
035 |a (RuTPU)RU\TPU\prd\129230 
090 |a 464688 
100 |a 20120124a19339999k y0rusy50 ca 
101 0 |a rus 
102 |a RU 
200 0 |a № 12 
210 |d 2011 
461 1 |0 (RuTPU)RU\TPU\prd\451  |x 0013-5771  |t Электросвязь  |o научно-технический журнал  |f Международная академия связи ; Всесоюзное научно-техническое общество радиотехники и электросвязи им. А. С. Попова (ВНОРиЭ)  |v № 12  |d 1958- 
801 0 |a RU  |b 63413507  |c 20010227  |g PSBO 
801 1 |a RU  |b 63413507  |c 20120124 
801 2 |a RU  |b 63413507  |c 20201203  |g RCR 
942 |c BK 
999 |a НТБ_ТПУ  |b НФ  |e -1/20110111  |p П-6305  |s 8/20100910  |u 0,00  |v 1